Old Brand Names - Statistics

General Stats
  • This quiz has been taken 36 times
  • The average score is 9 of 26
Answer Stats
Hint Answer % Correct
Backrub Google
67%
AuctionWeb eBay
52%
Blue Ribbon Sports Nike
52%
Pete's Super Submarines Subway
52%
Computing Tabulating Recording Corporation IBM
48%
Datsun Nissan
48%
Brad's Drink Pepsi
48%
Phoenix/Firebird Mozilla Firefox
44%
Sky Peer-to-Peer Skype
41%
Cadabra Amazon
37%
Burbn Instagram
37%
Tokyo Tsushin Kogyo Sony
37%
David's and Jerry's Guide to the World Wide Web Yahoo
37%
Quantum Computer Services AOL
30%
Sound of Music Best Buy
30%
Precision Optical Instruments Laboratory Canon
30%
Research in Motion Blackberry
26%
Japan Optical Industries Co. Nikon
26%
Confinity Paypal
26%
Marathon Snickers
26%
Goodfellow's Dry Goods Target
26%
Matchbox Tinder
26%
Tote'm 7-Eleven
22%
DrivUrSelf Hertz Rent-A-Car
22%
Stag Party Playboy
22%
Cargo House Starbucks
22%
No matching quizzes found
Score Distribution
Percent of People with Each Score
Percentile by Number Answered
Your Score History
You have not taken this quiz